| Tag |
First Indicator |
Second Indicator |
Subfields |
| LEADER |
00000cam a2200000 a 4500 |
| 001 |
in00000008278 |
| 005 |
20151002090005.0 |
| 008 |
851105s1787 gw af b 00110 ger d |
| 035 |
|
|
|a (OCoLC)12760951
|
| 035 |
|
|
|9 AAA0656AM
|
| 040 |
|
|
|a SMI
|c SMI
|d m/c
|d TXA
|d UtOrBLW
|
| 049 |
|
|
|a TXAS
|c [A09893156]
|
| 050 |
|
4 |
|a T44
|b .B39 1787
|
| 100 |
1 |
|
|a Beckmann, Johann,
|d 1739-1811.
|
| 245 |
1 |
0 |
|a Anleitung zur Technologie, oder zur Kentniss der Handwerke, Fabriken und Manufacturen, vornehmlich derer :
|b die mit der Landwirthschaft, Polizey und Cameralwissenschaft in nächster Verbindung stehn : nebst Beyträgen zur Kunstgeschichte /
|c von Johann Beckmann ...
|
| 250 |
|
|
|a Dritte, verbersserte und vermehrte Ausgabe
|b mit einer Kupfertafel.
|
| 264 |
|
1 |
|a Göttingen :
|b Im Verlag der Vandenhoeckschen Buchhandlung,
|c 1787.
|
| 300 |
|
|
|a 24 unnumbered pages, 577 pages, 27 unnumbered pages, 1 unnumbered folded leaf of plates :
|b illustrations ;
|c 18 cm.
|
| 336 |
|
|
|a text
|b txt
|2 rdacontent
|
| 337 |
|
|
|a unmediated
|b n
|2 rdamedia
|
| 338 |
|
|
|a sheet
|b nb
|2 rdacarrier
|
| 500 |
|
|
|a Signatures: a⁸ b⁴ A-20⁸ 2P⁴ 2Q².
|
| 500 |
|
|
|a Page 223 misnumbered 229.
|
| 504 |
|
|
|a Includes bibliographical references and index.
|
| 650 |
|
0 |
|a Technology
|v Early works to 1800.
|
| 740 |
0 |
|
|a Anleitung zur Technologie.
|
| 999 |
|
|
|a MARS
|
| 999 |
f |
f |
|s 224ec1d0-27d6-3846-b06a-d57145a5517c
|i f33a63af-c445-38d9-9fe3-0d6bf44960e7
|t 0
|
| 952 |
f |
f |
|p noncirc
|a Texas A&M University
|b College Station
|c Cushing Memorial Library & Archives
|d Cushing: Rare Books (Does not check out)
|t 0
|e T44 .B39 1787
|h Library of Congress classification
|i unmediated -- sheet
|m A14809893156
|
| 998 |
f |
f |
|a T44 .B39 1787
|t 0
|l Cushing: Rare Books (Does not check out)
|